Larrouse : diccionario Español Inglés - English Spanish.

Guardado en:
Autor Corporativo: Larrouse.
Formato: Libro
Idioma:Undetermined
Publicado: México : Larrouse, 1992.
Edición:1a. ed.
Materias:
Etiquetas: Agregar Etiqueta
Sin Etiquetas, Sea el primero en etiquetar este registro!
LEADER 00442nam a22001575a 4500
001 DER.der015205
008 250521s1992####mx############000#0#und#d
005 20250521173416.0
245 1 0 |a Larrouse :  |b diccionario Español Inglés - English Spanish. 
250 |a 1a. ed. 
260 |a México :  |b Larrouse,  |c 1992. 
300 |a 572 p. 
020 |a 9706071547 
110 2 |a Larrouse. 
650 7 |a DICCIONARIO 
859 |a DERECHO  |b BIB. DERECHO  |h 423.61  |i LAR  |p 0010331